[Event "Wch Blitz 8th"]
[Site "Dubai"]
[Date "2014.06.19"]
[Round "2"]
[White "Sandipan, Chanda"]
[Black "Aronian, Levon"]
[Result "0-1"]
[WhiteElo "2594"]
[BlackElo "2815"]
[PlyCount "122"]
[EventDate "2014.06.19"]
[EventType "swiss (blitz)"]
[EventRounds "21"]
[EventCountry "UAE"]
[SourceTitle "CBM 160 Extra"]
[Source "ChessBase"]
[SourceDate "2014.07.01"]
[SourceVersion "1"]
[SourceVersionDate "2014.07.01"]
[SourceQuality "1"]

1. d4 Nf6 2. Nf3 g6 3. Nbd2 Bg7 4. e4 d6 5. Bc4 O-O 6. O-O Nc6 7. Qe2 Bg4 8. c3
e5 9. d5 Ne7 10. h3 Bd7 11. Re1 Nh5 12. Nf1 h6 13. Bb5 Bc8 14. c4 Nf4 15. Bxf4
exf4 16. e5 dxe5 17. Nxe5 Nf5 18. Qd2 Nd6 19. Qxf4 Nxb5 20. cxb5 Qxd5 21. a4 a6
22. bxa6 Rxa6 23. Ng3 Rf6 24. Qe4 Qxe4 25. Nxe4 Re6 26. Nd3 b6 27. Nc3 Rd8 28.
Nf4 Red6 29. Nb5 R6d7 30. Rac1 c5 31. Nc3 Bb7 32. Red1 Rxd1+ 33. Rxd1 Rxd1+ 34.
Nxd1 Bc6 35. b3 Be4 36. Ne3 Bd4 37. Nfd5 Bxe3 38. Nxe3 Bd3 39. Nd5 Bc2 40. Nxb6
Bxb3 41. a5 Bc2 42. a6 Be4 43. a7 Kg7 44. f3 Bc6 45. Kf2 Kf6 46. Ke3 Kg5 47.
a8=Q Bxa8 48. Nxa8 Kh4 49. Kf2 c4 50. Nb6 c3 51. Ke3 Kg3 52. Nc4 Kxg2 53. Ne5
Kxh3 54. Nxf7 h5 55. f4 h4 56. Ng5+ Kg2 57. Nf3 h3 58. Ne1+ Kg3 59. Nd3 h2 60.
Nf2 c2 61. Nh1+ Kg2 0-1

[Event "Wch Blitz 8th"]
[Site "Dubai"]
[Date "2014.06.19"]
[Round "7"]
[White "Dreev, Alexey"]
[Black "Aronian, Levon"]
[Result "1-0"]
[WhiteElo "2667"]
[BlackElo "2815"]
[PlyCount "61"]
[EventDate "2014.06.19"]
[EventType "swiss (blitz)"]
[EventRounds "21"]
[EventCountry "UAE"]
[SourceTitle "CBM 160 Extra"]
[Source "ChessBase"]
[SourceDate "2014.07.01"]
[SourceVersion "1"]
[SourceVersionDate "2014.07.01"]
[SourceQuality "1"]

1. d4 d6 2. c4 e5 3. Nc3 exd4 4. Qxd4 Nc6 5. Qd2 g6 6. g3 Bg7 7. Bg2 Nf6 8. b3
O-O 9. Bb2 a5 10. Nf3 Re8 11. O-O Bf5 12. Nh4 Bd7 13. Rad1 Qc8 14. Rfe1 Ne5 15.
Nf3 Nxf3+ 16. Bxf3 Bc6 17. Nd5 Bxd5 18. cxd5 Nd7 19. Bxg7 Kxg7 20. Qc3+ Nf6 21.
Rc1 Re7 22. e4 Qd7 23. Bg2 Qb5 24. Re3 Qb4 25. Qb2 a4 26. Rf3 Re5 27. Rxf6 axb3
28. axb3 Kxf6 29. f4 Rae8 30. fxe5+ Rxe5 31. Qf2+ 1-0

[Event "Wch Blitz 8th"]
[Site "Dubai"]
[Date "2014.06.20"]
[Round "13"]
[White "Aronian, Levon"]
[Black "Wojtaszek, Radoslaw"]
[Result "1-0"]
[WhiteElo "2815"]
[BlackElo "2715"]
[PlyCount "105"]
[EventDate "2014.06.19"]
[EventType "swiss (blitz)"]
[EventRounds "21"]
[EventCountry "UAE"]
[SourceTitle "CBM 160 Extra"]
[Source "ChessBase"]
[SourceDate "2014.07.01"]
[SourceVersion "1"]
[SourceVersionDate "2014.07.01"]
[SourceQuality "1"]

1. c4 Nf6 2. Nc3 e6 3. e4 d5 4. cxd5 exd5 5. e5 Ne4 6. d4 Nc6 7. Bb5 Bb4 8.
Nge2 O-O 9. O-O Nxc3 10. bxc3 Be7 11. Nf4 Bg5 12. Bd3 Bxf4 13. Bxf4 Qh4 14. Qd2
Be6 15. Bg5 Qh5 16. f3 h6 17. Bf4 Rae8 18. Qf2 f5 19. exf6 Rxf6 20. Bxc7 Qf7
21. Be5 Nxe5 22. dxe5 Rf4 23. Qxa7 Rc8 24. Rab1 Qc7 25. Rxb7 Qxe5 26. Re7 Rf7
27. Rxf7 Bxf7 28. Qd4 Qxd4+ 29. cxd4 Rc3 30. Rd1 Ra3 31. Rd2 Kf8 32. Kf2 Ke7
33. Ke2 Ra4 34. Bb5 Rb4 35. a4 Kd6 36. Kd3 Bg6+ 37. Kc3 Rb1 38. Bd3 Bxd3 39.
Rxd3 Ra1 40. Kb3 Kc6 41. Rc3+ Kb6 42. Rc5 Rb1+ 43. Kc2 Rg1 44. g4 Rg2+ 45. Kd3
Rxh2 46. Rxd5 Kc6 47. Rc5+ Kd6 48. Rc2 Rh1 49. Ra2 Rd1+ 50. Ke3 Re1+ 51. Kf2
Re7 52. a5 Kd5 53. Ra4 1-0

[Event "Beijing Sportaccord rap"]
[Site "Beijing"]
[Date "2014.12.11"]
[Round "4"]
[White "Aronian, Levon"]
[Black "Wojtaszek, Radoslaw"]
[Result "1-0"]
[WhiteElo "2797"]
[BlackElo "2744"]
[PlyCount "105"]
[EventDate "2014.12.11"]
[EventType "swiss (rapid)"]
[EventRounds "7"]
[EventCountry "CHN"]
[SourceTitle "CBM 164"]
[Source "ChessBase"]
[SourceDate "2015.01.15"]
[SourceVersion "1"]
[SourceVersionDate "2015.01.15"]
[SourceQuality "1"]

1. c4 e6 2. g3 d5 3. Bg2 Nf6 4. Nf3 dxc4 5. Qa4+ Nbd7 6. Qxc4 a6 7. Qc2 c5 8.
O-O b5 9. a4 Bb7 10. Nc3 Qb6 11. d3 Be7 12. axb5 axb5 13. Rxa8+ Bxa8 14. Qb3
Nd5 15. Bg5 Nxc3 16. Qxc3 f6 17. Bd2 O-O 18. Ra1 Bb7 19. Ne1 Bxg2 20. Nxg2 Qc6
21. Qb3 c4 22. dxc4 bxc4 23. Qc2 Nb6 24. Rc1 Rc8 25. h4 Nd5 26. e4 Nb6 27. Be3
Nd7 28. Bd4 e5 29. Bc3 Nc5 30. Bb4 Nd3 31. Bxe7 Nxc1 32. Qxc1 Qxe4 33. Ne3 Qd3
34. Bb4 h5 35. Bc3 Kh7 36. Qf1 Qxf1+ 37. Kxf1 Kg6 38. f4 exf4 39. gxf4 Kf7 40.
f5 Ke7 41. Bb4+ Kd7 42. Kf2 Rb8 43. Bc3 Kd6 44. Kf3 Kc5 45. Ng2 Rd8 46. Nf4 Rd1
47. Ne6+ Kd5 48. Nxg7 Rf1+ 49. Kg2 Rf4 50. Bxf6 Ke4 51. Nxh5 Rg4+ 52. Ng3+ Kf4
53. Bg5+ 1-0

[Event "Beijing Sportaccord rap"]
[Site "Beijing"]
[Date "2014.12.12"]
[Round "7"]
[White "Aronian, Levon"]
[Black "Wang, Hao"]
[Result "1-0"]
[WhiteElo "2797"]
[BlackElo "2710"]
[PlyCount "99"]
[EventDate "2014.12.11"]
[EventType "swiss (rapid)"]
[EventRounds "7"]
[EventCountry "CHN"]
[SourceTitle "CBM 164"]
[Source "ChessBase"]
[SourceDate "2015.01.15"]
[SourceVersion "1"]
[SourceVersionDate "2015.01.15"]
[SourceQuality "1"]

1. Nf3 d5 2. d4 Nf6 3. c4 c6 4. Nc3 dxc4 5. a4 Bf5 6. Ne5 Nbd7 7. Nxc4 Nb6 8.
Ne5 a5 9. f3 Nfd7 10. Nxd7 Nxd7 11. e4 Bg6 12. Be2 e6 13. O-O Bb4 14. Be3 O-O
15. Qb3 Qc7 16. Kh1 Rad8 17. Rac1 Qb8 18. Bg1 Rfe8 19. Rfd1 Bd6 20. Bc4 h5 21.
Ne2 Qc7 22. Be3 Rc8 23. Bd2 Ra8 24. Qe3 f6 25. Nf4 Bxf4 26. Qxf4 Qxf4 27. Bxf4
Bf7 28. Be3 Nb8 29. Kg1 Na6 30. Be2 Nb4 31. Bf4 Red8 32. Bc7 Rd7 33. Bb6 Na6
34. Bxa5 Nb8 35. b4 e5 36. d5 Kh7 37. Bc4 Na6 38. h4 Kg6 39. Kh2 Bg8 40. Bd3
Nb8 41. f4 exf4 42. d6 Bb3 43. Rd2 Kf7 44. Rc3 Be6 45. Bc2 Na6 46. b5 cxb5 47.
axb5 Nc5 48. Bc7 b6 49. Rxc5 bxc5 50. b6 1-0

[Event "Tata Steel-A 77th"]
[Site "Wijk aan Zee"]
[Date "2015.01.20"]
[Round "9"]
[White "Aronian, Levon"]
[Black "Jobava, Baadur"]
[Result "1-0"]
[WhiteElo "2797"]
[BlackElo "2727"]
[Annotator "Havasi,G"]
[PlyCount "47"]
[EventDate "2015.01.10"]
[EventType "tourn"]
[EventRounds "13"]
[EventCountry "NED"]
[EventCategory "20"]
[SourceTitle "CBM 165"]
[Source "ChessBase"]
[SourceDate "2015.03.11"]
[SourceVersion "1"]
[SourceVersionDate "2015.03.11"]
[SourceQuality "1"]

1. d4 Nf6 2. c4 c5 3. d5 g6 4. Nc3 Bg7 5. e4 O-O 6. Bd3 (6. Nf3 d6 7. Be2 {
is the other plan.}) 6... e6 $5 (6... d6 {is more usual.}) 7. h3 {Preventing
Bg4 in the future.} (7. e5 {was played by Timman} Ne8 8. Nf3 d6 9. Bg5 Qc7 10.
Nb5 (10. exd6 Nxd6 $13) 10... Qd7 11. dxe6 Qxe6 $132 {1/2 (80) Timman,J (2607)
-Jobava,B (2710) Wijk aan Zee NED 2014}) (7. Nf3 {Jobava also had a game in
this line.} exd5 8. cxd5 d6 9. h3 Re8 10. O-O Nbd7 11. Bf4 c4 12. Bc2 Nc5 13.
Re1 b5 $132 {0-1 (44) Riazantsev,A (2692)-Jobava,B (2713) Dubai UAE 2014}) 7...
exd5 8. exd5 {This is also typical: White aims for a slightly better position
with a symmetrical P structure.} a6 (8... Re8+ 9. Nge2 d6 10. O-O Nbd7 {
is the other line, when White usually plays} 11. f4 $14) 9. a4 {White prevents
b5.} (9. Nge2 {allows} b5 10. cxb5 axb5 11. Bxb5 Na6 $44) 9... a5 $146 {
A novelty, but it seems to be an inaccuracy, because White can place his N on
e2.} ({In a previous game Black played} 9... d6 10. Nf3 (10. Nge2 Nbd7 $1 $13)
10... Re8+ 11. Be3 a5 12. O-O Na6 13. Rc1 Nb4 14. Bb1 Bd7 15. Re1 Re7 16. Qd2
Qf8 $1 17. Bg5 Rxe1+ 18. Rxe1 h6 19. Bf4 $14 {1/2 (38) Rodshtein,M (2678)
-Ivanisevic,I (2623) St Petersburg RUS 2014}) 10. Nge2 {White has a very
pleasant position with a advantage in space.} Na6 11. Bg5 {White pins the
knight, which makes Black's position even worse.} (11. O-O {is also good} Nb4
12. Bb1 $14 (12. Bg5 $14) (12. Nb5 $14)) 11... Nb4 12. Bb1 {This move allows
Black to play...} (12. Nb5 $1 {was very strong} d6 13. O-O h6 14. Bf4 Ra6 15.
Bb1 $14) 12... b6 $1 {Black wants to attack the c4 P to provoke b3 so as to
weaken the long diagonal.} 13. O-O Ba6 14. Nb5 $1 (14. b3 h6 $15) 14... h6 $1
15. Bc1 $1 {I like this move. At the first sight it's more active to move the
B to h4, but after this move White has a strong plan in mind.} (15. Bh4 Bxb5
16. axb5 Qc7 {Black seems fine.}) 15... Bxb5 (15... Nh7 16. Ra3 $14) (15... Ne8
16. Ra3 Bxb5 17. axb5 {transposes to 15...Bxb5.}) 16. axb5 Ne8 (16... Re8 $5 {
seems to be the improvement} 17. Ra3 Ne4 18. Ng3 Nxg3 19. Rxg3 Qf6 $13) 17. Ra3
$1 Nd6 18. Rg3 (18. Nf4 Nxc4 19. Rg3 {leads to 18.Rg3.}) 18... Nxc4 $2 (18...
Re8 19. Bxg6 $1 fxg6 20. Rxg6 $36) (18... Qf6 19. Bd2 $1 $14 (19. Nf4 Qd4 $1
20. Qxd4 cxd4 $13)) 19. Nf4 $36 {White has a very good initiative.} Ne5 20. Nh5
Qh4 21. Nxg7 Kxg7 22. Re1 d6 23. Re4 Qd8 24. Qh5 1-0

[Event "WchT 10th"]
[Site "Tsaghkadzor"]
[Date "2015.04.21"]
[Round "3.1"]
[White "Dominguez Perez, Leinier"]
[Black "Aronian, Levon"]
[Result "1/2-1/2"]
[WhiteElo "2729"]
[BlackElo "2770"]
[PlyCount "138"]
[EventDate "2015.04.19"]
[EventType "team-tourn"]
[EventRounds "9"]
[EventCountry "ARM"]
[SourceTitle "CBM 166"]
[Source "ChessBase"]
[SourceDate "2015.05.11"]
[SourceVersion "1"]
[SourceVersionDate "2015.05.11"]
[SourceQuality "1"]
[WhiteTeam "Cuba"]
[BlackTeam "Armenia"]
[WhiteTeamCountry "CUB"]
[BlackTeamCountry "ARM"]

1. e4 e5 2. Nf3 Nc6 3. Bb5 Nf6 4. O-O Nxe4 5. Re1 Nd6 6. Nxe5 Be7 7. Bd3 Nxe5
8. Rxe5 O-O 9. Nc3 Bf6 10. Re1 b6 11. Nd5 Bb7 12. Qf3 Kh8 13. Qh3 h6 14. Nxf6
Qxf6 15. Qxd7 c5 16. Re3 Rfe8 17. Bf1 Rad8 18. Qc7 Rxe3 19. dxe3 Be4 20. f3
Bxc2 21. Qc6 c4 22. Qd5 b5 23. Qd2 Bd3 24. Bxd3 Nf5 25. Qc3 Qxc3 26. bxc3 cxd3
27. e4 Nd6 28. Be3 Nc4 29. Kf2 d2 30. Rd1 Rd6 31. a3 a5 32. Ke2 a4 33. Bxd2
Nxa3 34. Ra1 Nc4 35. Bc1 Na5 36. Ba3 Rd7 37. Rb1 Nb3 38. Bc1 Kg8 39. Be3 Kf8
40. Rb2 Ke7 41. Ra2 Kd6 42. g4 Kc6 43. h4 Rd8 44. h5 f6 45. Ra3 Na5 46. Ra2 Nb3
47. Ra3 Kb7 48. Ra2 Rd7 49. f4 Kc6 50. c4 Re7 51. Kf3 bxc4 52. Rxa4 Kb5 53. Ra8
c3 54. Rc8 Kb4 55. Ke2 Rd7 56. e5 fxe5 57. fxe5 Nd4+ 58. Kd3 Nf5+ 59. Ke4 Nxe3
60. Kxe3 Rd5 61. e6 Re5+ 62. Kd4 Rxe6 63. Rxc3 g6 64. Rc1 gxh5 65. Rb1+ Ka5 66.
gxh5 Rb6 67. Ra1+ Kb4 68. Rb1+ Ka5 69. Ra1+ Kb4 1/2-1/2

[Event "WchT 10th"]
[Site "Tsaghkadzor"]
[Date "2015.04.27"]
[Round "8.1"]
[White "Harikrishna, Pentala"]
[Black "Aronian, Levon"]
[Result "1/2-1/2"]
[WhiteElo "2731"]
[BlackElo "2770"]
[PlyCount "36"]
[EventDate "2015.04.19"]
[EventType "team-tourn"]
[EventRounds "9"]
[EventCountry "ARM"]
[SourceTitle "CBM 166"]
[Source "ChessBase"]
[SourceDate "2015.05.11"]
[SourceVersion "1"]
[SourceVersionDate "2015.05.11"]
[SourceQuality "1"]
[WhiteTeam "India"]
[BlackTeam "Armenia"]
[WhiteTeamCountry "IND"]
[BlackTeamCountry "ARM"]
[TimeControl "40/5400+30:1800+30"]

1. Nf3 {[%emt 0:00:00]} d5 {[%emt 0:00:00]} 2. d4 {[%emt 0:00:00]} Nf6 {
[%emt 0:00:00]} 3. c4 {[%emt 0:00:00]} e6 {[%emt 0:00:00]} 4. Nc3 {[%emt 0:00:
00]} Bb4 {[%emt 0:00:06]} 5. Bg5 {[%emt 0:00:01]} h6 {[%emt 0:00:25]} 6. Bxf6 {
[%emt 0:00:06]} Qxf6 {[%emt 0:00:04]} 7. e3 {[%emt 0:00:11]} O-O {[%emt 0:00:
10]} 8. Rc1 {[%emt 0:00:05]} Nd7 {[%emt 0:00:53]} 9. Qb3 {[%emt 0:07:40]} Bxc3+
{[%emt 0:00:28]} 10. Qxc3 {[%emt 0:00:29]} c6 {[%emt 0:02:51]} 11. b4 {[%emt 0:
07:05]} dxc4 {[%emt 0:13:25]} 12. Bxc4 {[%emt 0:01:15]} b6 {[%emt 0:00:22]} 13.
O-O {[%emt 0:16:01]} Bb7 {[%emt 0:00:26]} 14. Rfd1 {[%emt 0:00:25]} Qe7 {
[%emt 0:01:43]} 15. Be2 {[%emt 0:05:42]} Rfc8 {[%emt 0:01:06]} 16. Qb3 {
[%emt 0:01:11]} a5 {[%emt 0:01:37]} 17. a3 {[%emt 0:01:06]} axb4 {[%emt 0:00:
25]} 18. axb4 {[%emt 0:00:18]} Rab8 {[%emt 0:01:03]} 1/2-1/2

[Event "WchT 10th"]
[Site "Tsaghkadzor"]
[Date "2015.04.28"]
[Round "9.1"]
[White "Aronian, Levon"]
[Black "Shoker, Samy"]
[Result "1-0"]
[WhiteElo "2770"]
[BlackElo "2466"]
[PlyCount "47"]
[EventDate "2015.04.19"]
[EventType "team-tourn"]
[EventRounds "9"]
[EventCountry "ARM"]
[SourceTitle "CBM 166"]
[Source "ChessBase"]
[SourceDate "2015.05.11"]
[SourceVersion "1"]
[SourceVersionDate "2015.05.11"]
[SourceQuality "1"]
[WhiteTeam "Armenia"]
[BlackTeam "Egypt"]
[WhiteTeamCountry "ARM"]
[BlackTeamCountry "EGY"]
[TimeControl "40/5400+30:1800+30"]

1. d4 g6 2. c4 Bg7 3. e4 d6 4. Nc3 e6 5. Be3 Ne7 6. Qd2 h6 7. Bd3 Nd7 8. Nge2
b6 9. O-O a6 10. Bc2 Rb8 11. a4 Nc6 12. Rae1 Nb4 13. Bb1 c5 14. f4 Qc7 15. f5
cxd4 16. Nxd4 O-O 17. Bxh6 Qxc4 18. Bxg7 Kxg7 19. Rc1 Qc5 20. Na2 Nxa2 21. Rxc5
bxc5 22. fxe6 Ne5 23. Nf5+ gxf5 24. Qxd6 1-0

[Event "Wch Rapid"]
[Site "Berlin"]
[Date "2015.10.11"]
[Round "8"]
[White "Aronian, Levon"]
[Black "Kovalenko, Igor"]
[Result "0-1"]
[WhiteElo "2784"]
[BlackElo "2700"]
[Annotator "Sagar Shah"]
[PlyCount "60"]
[EventDate "2015.10.10"]
[EventType "swiss (rapid)"]
[EventRounds "15"]
[EventCountry "GER"]
[SourceTitle "CBM 168 Extra"]
[Source "ChessBase"]
[SourceDate "2015.10.29"]
[SourceVersion "1"]
[SourceVersionDate "2015.10.29"]
[SourceQuality "1"]

1. c4 e5 2. Nc3 Nf6 3. Nf3 Nc6 4. g3 Nd4 5. Bg2 Nxf3+ 6. Bxf3 Bb4 7. O-O O-O 8.
Qb3 a5 9. Rd1 Re8 10. d3 h6 11. Bg2 {A normal person would play d6 in this
position but not a creative genius like Igor Kovalenko.} Ra6 $1 {A very
interesting rook lift.} 12. h3 {I don't quite understand if there was a need
to weaken the kingside with h3, but Aronian wanted to develop his bishop on e3
without Ng4 bothering him.} Rae6 13. Be3 d6 14. Na4 b6 15. a3 Bc5 16. Bd2 Nh5 {
The bishop on c5, knight on h5, rook on e6, bishop on c8 and queen on d8 all
are ready to get into the attack. It makes sense to get rid of the c5 bishop.}
17. Nxc5 dxc5 18. Bf3 Nf6 (18... Nxg3 19. fxg3 Rg6 20. Kh2 $18 {repels the
attack.}) ({But it is surprising that Igor Kovalenko missed this move.} 18...
Nf4 $1 19. gxf4 Rg6+ 20. Kh2 Qh4 $19) 19. Qc2 Qe7 20. Bg2 e4 21. Re1 $2 (21.
dxe4 Nxe4 22. Be1 {was relatively safer.}) 21... e3 $1 22. Bc1 (22. Bxe3 Rxe3
23. fxe3 Qxe3+ 24. Kh2 Nh5 $19 {The problems of playing the h3 move become
apparent. g3 is just too weak.}) 22... Nh5 23. Rf1 exf2+ 24. Rxf2 Nxg3 {
As the official commentator Jan Gustaffson would say, "Black has just won a
pawn and also has compensation!"} 25. e4 Rg6 26. Qd1 f5 $1 27. exf5 Nxf5 28.
Kh2 Qh4 29. Qf3 Bb7 30. Qxb7 Qxf2 {An inspired game by Igor Kovalenko.} 0-1

[Event "EU-chT (Men) 20th"]
[Site "Reykjavik"]
[Date "2015.11.14"]
[Round "2.1"]
[White "Aronian, Levon"]
[Black "Vachier Lagrave, Maxime"]
[Result "0-1"]
[WhiteElo "2781"]
[BlackElo "2765"]
[Annotator "Szabo,Kr"]
[PlyCount "164"]
[EventDate "2015.11.13"]
[EventType "team-swiss"]
[EventRounds "9"]
[EventCountry "ISL"]
[SourceTitle "CBM 170"]
[Source "ChessBase"]
[SourceDate "2016.01.15"]
[SourceVersion "1"]
[SourceVersionDate "2016.01.15"]
[SourceQuality "1"]
[WhiteTeam "Armenia"]
[BlackTeam "France"]
[WhiteTeamCountry "ARM"]
[BlackTeamCountry "FRA"]

1. d4 Nf6 2. Nf3 g6 3. Bg5 Bg7 4. c3 d6 5. Nbd2 O-O 6. e4 c5 7. d5 (7. dxc5 {
is much more popular.}) 7... h6 8. Bh4 e6 9. dxe6 Bxe6 10. Be2 Nc6 11. O-O Qc7
(11... Qb6 {has also been played,} 12. Qc2 d5 13. exd5 Nxd5 14. Bg3 Bf5 15. Qc1
Rfe8 16. Re1 Na5 17. Nh4 Be6 18. Bf1 Rad8 19. Qc2 Ne7 $11 {Dvoirys-Korotylev,
Geneva 2001, with an equal position.}) ({or} 11... Re8 12. Re1 {1/2
Petkov-Spasov, Golubac 2008.}) 12. Re1 Rfe8 13. Qc2 a6 14. Nf1 $146 {A novelty
from Aronian.} (14. a4 Rab8 15. h3 b5 16. axb5 axb5 17. Bg3 Red8 18. Bf1 Nd7
19. Red1 c4 20. Be2 (20. Nd4 $5) 20... Nc5 $132 {Muha-Novak, Sibenik 2008, and
Black is active.}) 14... d5 $1 {The right reply!} 15. Bg3 Qb6 16. exd5 Nxd5 17.
Rad1 Bf5 18. Qc1 Rad8 {Black has gained some space, his pieces are active.
Nevertheless White is solid, the position is balanced.} 19. N1d2 ({In the
event of} 19. Bc4 Rxe1 20. Rxe1 Be6 $11 {with an equal middlegame.}) 19... Na5
(19... Qa5 $5) 20. h3 Qc6 21. Nh4 Bc8 22. Qc2 (22. Bf3 $5 {was also possible.})
22... b5 23. Bf1 Rxe1 24. Rxe1 Re8 (24... c4 {was an alternative,} 25. Nhf3 Qb6
$11 {followed by ...Nc6 with an equal position.}) 25. Rxe8+ Qxe8 26. Ne4 (26.
c4 Nb4) 26... Nb7 27. Qd3 Be6 28. Nf3 Bf5 29. Qxd5 Qxe4 30. Qxe4 Bxe4 $11 {
This is a symmetrical endgame, which is equal. Black is a little bit more
active, but thsat doesn't change the evaluation.} 31. Nd2 Bc6 32. Bd3 c4 33.
Bc2 f5 34. f3 Kf7 35. Kf1 Ke6 36. Ke2 Nc5 37. Bf2 Nb7 38. a3 Nd6 39. Bb6 Bf6
40. Nf1 Nc8 41. Bc5 Ne7 42. Ne3 h5 43. Bb1 h4 44. Nc2 Nd5 45. Bd4 Bg5 46. Ne3
Nf4+ 47. Kf1 Nd3 48. Bxd3 cxd3 {The structure is changed, Black has two Bs,
however White should hold.} 49. Ke1 Bd5 50. Kd2 Bc4 51. Bb6 Kd7 52. b4 Bf4 53.
Bd4 Ke6 54. Bb6 g5 55. Bd4 g4 56. hxg4 fxg4 57. fxg4 Bg5 58. Ke1 Bb3 59. Kd2
Bc4 60. Ke1 (60. Kd1 $1 {was more precise,} Bd5 61. Nxd5 Kxd5 62. Bf2 $11 {
followed by Be1.}) 60... Bd5 61. Kf2 $4 {A terrible blunder, which loses
immediately!} (61. Nxd5 $1 {was correct,} Kxd5 62. Kd1 Kc4 63. Be5 Kb3 64. Bd4
Kxa3 65. Bf2 $11 {followed by Be1 and White can hold.}) 61... d2 $1 62. Nd1 (
62. Ke2 Bxg2 $1 {This is the point!} 63. Nxg2 h3 $19 {and White can't stop the
pawn.}) 62... Bb3 63. Ke2 Bc4+ 64. Kf2 Bb3 65. Ke2 Kf7 (65... Kd5 {was also
good, for example:} 66. Bg7 Ke4 67. Nf2+ Kf4 68. Kxd2 Kg3+ $19 {and Black is
winning.}) 66. Nb2 Kg6 $2 {Error in reply!} (66... Bd5 $1 $19 {was the
strongest reply and Black's position should be winning.}) 67. c4 $1 {Aronian
immediately finds the only counterchance.} bxc4 68. Bc3 Bf4 69. Bxd2 Kg5 70.
Nd1 (70. a4 $1 {was easier, because White creates counterplay,} Kxg4 71. b5
axb5 72. Bxf4 Kxf4 73. axb5 $11 {and White survives.}) 70... Kxg4 71. Ne3+ Kh5
72. Nd5 Be5 73. Bc3 Bh2 74. Nf6+ Kg6 75. Ne4 $6 (75. Nd7 $1 {was more accurate,
} Kf5 (75... Ba4 76. Ne5+ $11) 76. Nc5 Bc2 77. Kd2 Bb1 78. Kc1 Be4 79. Nxe4
Kxe4 80. Kd2 $11 {and a draw.}) 75... Ba4 $1 76. Nd2 Kf5 77. Nf3 $6 ({White
should have played} 77. Nxc4 $1 Bb5 78. Kd3 Kg4 79. Bf6 $11 {and White can
hold.}) 77... Bg3 78. Be1 $2 {The last mistake.} (78. Bb2 {was tougher,} Bb5
79. Bc3 Kg4 80. Ke3 Bc7 81. Kf2 {and it is not yet finished.}) 78... Kg4 $19
79. Bxg3 (79. Bd2 Bc6 $19 {is also hopeless for White.}) 79... Kxg3 80. Kd2 Bc6
81. Nxh4 Kxh4 82. Kc3 Bb5 {and White resigned.} (82... Bb5 83. a4 Kg3 $1 $19)
0-1

[Event "EU-chT (Men) 20th"]
[Site "Reykjavik"]
[Date "2015.11.19"]
[Round "6.1"]
[White "Aronian, Levon"]
[Black "Nisipeanu, Liviu Dieter"]
[Result "1/2-1/2"]
[WhiteElo "2781"]
[BlackElo "2683"]
[PlyCount "81"]
[EventDate "2015.11.13"]
[EventType "team-swiss"]
[EventRounds "9"]
[EventCountry "ISL"]
[SourceTitle "CBM 170"]
[Source "ChessBase"]
[SourceDate "2016.01.15"]
[SourceVersion "1"]
[SourceVersionDate "2016.01.15"]
[SourceQuality "1"]
[WhiteTeam "Armenia"]
[BlackTeam "Germany"]
[WhiteTeamCountry "ARM"]
[BlackTeamCountry "GER"]
[WhiteClock "0:30:09"]
[BlackClock "0:31:37"]

1. c4 e5 2. Nc3 Bb4 3. Nd5 Bc5 4. e3 Nf6 5. d4 Nxd5 6. dxc5 Nf6 7. b4 O-O 8.
Ne2 b6 9. cxb6 axb6 10. Bb2 Qe7 11. a3 Rd8 12. Nc3 Bb7 13. Nd5 Nxd5 14. cxd5 d6
15. Rc1 c6 16. dxc6 Nxc6 17. Qh5 g6 18. Qg4 d5 19. Bb5 Na7 20. Bd3 d4 21. exd4
Nc6 22. O-O Nxd4 23. Rfe1 Qf6 24. Bf1 Rac8 25. Qg3 Rxc1 26. Rxc1 Qe6 27. h4 h5
28. Qg5 Qd6 29. f4 Re8 30. Re1 Nf5 31. Rxe5 Rxe5 32. fxe5 Qe6 33. Bd3 (33. Bc4
$1 $18) 33... Qb3 34. Bxf5 Qxb2 35. Bh3 Qxa3 36. e6 Qxb4 37. Qd8+ Kg7 38. Qd7
Qe1+ 39. Kh2 Qe5+ 40. Kh1 Qe1+ 41. Kh2 1/2-1/2